Fifa 20 Top 20 Ligue 1 Players - Statistics

General Stats
  • This quiz has been taken 214 times
  • The average score is 18 of 20
Answer Stats
Position Nation Rating Club Player % Correct
ST France 89 PSG Kylian Mbappe
100%
LW Brazil 92 PSG Neymar
100%
ST Uruguay 89 PSG Edison Cavani
99%
GK Costa Rica 87 PSG Keylor Navas
98%
CM Italy 86 PSG Marco Verratti
98%
RW Argentina 86 PSG Angel Di Maria
97%
CB Brazil 87 PSG Thiago Silva
97%
CB Brazil 86 PSG Marquinhos
96%
CF Netherlands 84 Lyon Memphis Depay
95%
ST Argentina 85 PSG Mauro Icardi
94%
GK Portugal 85 Lyon Anthony Lopes
91%
CAM Germany 83 PSG Julian Draxler
90%
RB Belgium 82 PSG Thomas Meunier
90%
RW France 83 Marseille Florian Thauvin
87%
CDM Senegal 83 PSG Idrissa Gueye
87%
CB France 82 PSG Presnel Kimpembe
85%
GK France 84 Saint Etienne Stephane Ruffier
85%
ST France 83 Monaco Wissam Ben Yedder
85%
CM Spain 82 PSG Ander Herrera
74%
CAM Spain 83 PSG Pablo Sarabia
70%
No matching quizzes found
Score Distribution
Percent of People with Each Score
Percentile by Number Answered
Your Score History
You have not taken this quiz